| 000 | 00814nam a2200241Ia 4500 | ||
|---|---|---|---|
| 008 | 191130s2003##################000#0#eng## | ||
| 020 | _a9780521618526 | ||
| 022 | _a2002035178 | ||
| 040 |
_aACL _cACL |
||
| 082 | _a302.232090 MCK | ||
| 100 | _aMcKitterick, David | ||
| 245 |
_aPrint, manuscript, and the search for order, 1450-1830 _cDavid McKitterick |
||
| 260 |
_aCambridge _bCambridge University Press _c2003 |
||
| 300 | _axv, 311 p. : ill. ; 25 cm | ||
| 500 | _aIncludes bibliographical references (p. [231]-302) and indexes | ||
| 650 | _aBooks - Europe - History | ||
| 650 | _aEarly printed books - Europe - Bibliography | ||
| 650 | _aPrinting - Europe - History | ||
| 650 | _aTransmission of texts | ||
| 990 | _aebb422f2ac10000c112596762b1aacad | ||
| 991 | _a125843 | ||
| 999 |
_c43803 _d43803 |
||